00342nam a2200133Ia 4500008004100000040001700041041001200058082001800070100002200088245002700110250001200137260003900149300002000188230917s9999||||xx |||||||||||||| ||und|| e123181aMAIN aEnglish a005.432 K811U aKochan, Stephen G 0aUnix shell programming a3rd ed. aNew DelhibPearson Educationc2003 axiii p. ; 437p.